000 00366nam a2200157Ia 4500
003 OSt
005 20240326173708.0
008 230219s9999 xx 000 0 und d
020 _a9780241984994
082 _a823
_bEVAG
100 _a Evaristo, Bernardine
245 0 _aGirl, Woman, Other
260 _aNew Dlhi
_bBlack Cat
_c2020
300 _a553
942 _cBK
_2ddc
999 _c1137
_d1137